000 00286nam a22001337a 4500
008 170418b xxu||||| |||| 00| 0 eng d
020 _a9780721639970
041 _aeng
080 _a573
100 _a10
101 _aSHM
245 _aCELL BIOLOGY
_cPOLLARD, TH.D
942 _2udc
_cBK
999 _c10940
_d10940